00574nam a22001697a 450000500170000001000150001702000260003203500130005803700130007108200080008424501110009226000310020327000790023430000230031350000500033670000180038620131011162129.0 aENG-107580 a9780415811712c795.00 aEN-91113 bDBAD/PUB a305 aThe virtual transformation of the public sphere :cedited by Gaurav Desaibknowledge, politics, identity / aNew DelhibRoutledgec2013 a912, Tolstoy House, 15-17 Tolstoy Marg, Connaught PlacebNew Delhie110001 avi,307p.c23cm(Hb) aIncludes bibliographical references and index aDesai, Gaurav